书目信息 |
| 题名: |
火焰炉
|
|
| 作者: | 陆钟武 主编 | |
| 分册: | ||
| 出版信息: | 北京 冶金工业出版社 1995 |
|
| 页数: | 279 | |
| 开本: | 26cm | |
| 丛书名: | ||
| 单 册: | ||
| 中图分类: | TF806.3 | |
| 科图分类: | ||
| 主题词: | 冶金工业 | |
| 电子资源: | ||
| ISBN: | 7-5024-1607-2 | |
| 000 | 00494nam0 2200181 450 | |
| 001 | 0754114953 | |
| 005 | 20070929150154.95 | |
| 010 | @a7-5024-1607-2 | |
| 100 | @a20070929d km y0chiy0120 ea | |
| 101 | 0 | @achi |
| 200 | 1 | @a火焰炉@Ahuo yan lu@f陆钟武 主编@Flu zhong wu zhu bian |
| 210 | @a北京@c冶金工业出版社@d1995 | |
| 215 | @a279@c插图@d26cm | |
| 606 | 0 | @a冶金工业 |
| 690 | @aTF806.3@v3 | |
| 701 | 0 | @a陆钟武@Alu zhong wu@4主编 |
| 801 | 0 | @aCN@bPFT@c20070929 |
| 905 | @a213230@dTF806.3@eh1@f1 | |
| 火焰炉/陆钟武 主编.-北京:冶金工业出版社,1995 |
| 279:插图;26cm |
| ISBN 7-5024-1607-2: |
| ● |
| 相关链接 |
|
|
|
|
正题名:火焰炉
索取号:TF806.3/h1
 
预约/预借
| 序号 | 登录号 | 条形码 | 馆藏地/架位号 | 状态 | 备注 |
| 1 | 6000591 | 260005915 | 密集书库-化学系/ [索取号:TF806.3/h1] | 在馆 |